[Event "Sarajevo Bosna op 47th"]
[Site "Sarajevo"]
[Date "2017.05.14"]
[Round "3"]
[White "Kozarcanin, Sead"]
[Black "Popovic, Zoran"]
[Result "0-1"]
[WhiteElo "2016"]
[BlackElo "2300"]
[PlyCount "100"]
[EventDate "2017.05.13"]
[EventType "swiss"]
[EventRounds "9"]
[EventCountry "BIH"]
[SourceTitle "CBM 178 Extra"]
[Source "ChessBase"]
[SourceDate "2017.06.22"]
[SourceVersion "1"]
[SourceVersionDate "2017.06.22"]
[SourceQuality "1"]

1. e4 c6 2. d3 d5 3. Nd2 g6 4. g3 Bg7 5. Bg2 e5 6. exd5 cxd5 7. c4 dxc4 8. Nxc4 Nc6 9. Nf3 Nge7 10. 0-0 0-0 11. Re1 Qc7 12. Bg5 f6 13. Be3 Rd8 14. Rc1 Bf5 15. d4 Be6 16. Ncd2 exd4 17. Nxd4 Bf7 18. Qa4 Rac8 19. Bf4 Qd7 20. Nxc6 bxc6 21. Ne4 Nd5 22. Rcd1 g5 23. Nc5 Qf5 24. Bc1 Nb6 25. Rxd8+ Rxd8 26. Qa5 Bf8 27. b4 Qc2 28. Be4 Qc3 29. Rf1 Re8 30. Be3 Nc4 31. Qxa7 Nxe3 32. Bxh7+ Kg7 33. fxe3 Qxe3+ 34. Rf2 Bxc5 35. Qxc5 Qxc5 36. bxc5 Re1+ 37. Kg2 Bd5+ 38. Kh3 Kxh7 39. Rxf6 Kg7 40. Rd6 Re4 41. a3 Rc4 42. Rd7+ Kg6 43. Rd8 Rxc5 44. Rd6+ Kf5 45. Rd8 Rc4 46. g4+ Ke5 47. Kg3 Rc3+ 48. Kf2 Kf4 49. a4 Rc2+ 50. Ke1 Rxh2 0-1

[Event "Gibraltar Challenger op-B"]
[Site "Caleta"]
[Date "2017.02.01"]
[Round "5"]
[White "Kozarcanin, Sead"]
[Black "Clark, Ian C"]
[Result "0-1"]
[WhiteElo "2069"]
[BlackElo "1969"]
[PlyCount "46"]
[EventDate "2017.01.28"]
[EventType "swiss"]
[EventRounds "5"]
[EventCountry "GGB"]
[SourceTitle "EXT 2018"]
[Source "ChessBase"]
[SourceDate "2017.10.13"]
[SourceVersion "1"]
[SourceVersionDate "2017.10.13"]
[SourceQuality "1"]

1. b3 e5 2. Bb2 Nc6 3. e3 Nf6 4. Bb5 d6 5. d4 exd4 6. exd4 Bd7 7. Nf3 Qe7+ 8. Be2 0-0-0 9. 0-0 Re8 10. Re1 Bg4 11. Nbd2 Qd7 12. c4 h6 13. a3 Nh5 14. d5 Ne7 15. h3 Bxf3 16. Bxf3 Nf4 17. Qc2 f5 18. c5 dxc5 19. Qxc5 Nd3 20. Qxa7 Kd8 21. Reb1 Nxb2 22. Rxb2 Nc8 23. Rc2 Nxa7 0-1